| 000 | 00479nam a2200181Ia 4500 | ||
|---|---|---|---|
| 001 | 2518 | ||
| 005 | 20260306144813.0 | ||
| 008 | 260306t2023||||xx |||||||||||||| ||spa|| | ||
| 041 | _aESP | ||
| 082 |
_a616.8914 _bG23 |
||
| 100 |
_aGarcía Campayo, Javier, _eAUT |
||
| 245 | 4 |
_aThe attachment-based compassion therapy : _ba manual for self-application |
|
| 260 | _c2023 | ||
| 300 |
_axxv, 182 páginas : _c24 cm. |
||
| 650 | _aGEN | ||
| 654 | _aCPS | ||
| 942 |
_cLIB _dJUS _fJUS _2ddc _n |
||
| 999 |
_c2518 _d2518 |
||